The Bhangi : a sweeper caste, its socio-economic portraits : with special reference to Jodhpur City /

Saved in:
Bibliographic Details
Main Author: Shyamlal, 1944-
Format: Book
Language:English
Published: Bombay : Popular Prakashan, 1992.
Subjects:
Tags: Add Tag
No Tags, Be the first to tag this record!
LEADER 00923aam a2200265 a 4500
001 002730833-2
005 20020606093309.7
008 920515s1992 ii b 000 0 eng
010 |a  92901371  
020 |a 8171545505 :  |c Rs200.00 
035 0 |a ocm26504606 
040 |a DLC  |c DLC  |d DLC 
043 |a a-ii--- 
050 0 0 |a DS432.B417  |b S58 1992 
100 0 |a Shyamlal,  |d 1944- 
245 1 4 |a The Bhangi :  |b a sweeper caste, its socio-economic portraits : with special reference to Jodhpur City /  |c Shyamlal. 
260 |a Bombay :  |b Popular Prakashan,  |c 1992. 
300 |a xiii, 190 p. ;  |c 22 cm. 
500 |a Revision of the author's thesis (Ph. D.--Department of Sociology, University of Rajasthan). 
504 |a Includes bibliographical references (p. 183-190). 
650 0 |a Bhangis. 
651 0 |a Jodhpur (India)  |x Social conditions. 
651 0 |a Jodhpur (India)  |x Economic conditions. 
988 |a 20020608 
906 |0 DLC